000 00502nam a22002057a 4500
003 OSt
005 20140310182148.0
008 130830t xxu||||| |||| 00| 0 eng d
020 _a1854342150
020 _a9781854342157
050 _aDG 77
_b.C554 1993
082 _aHS 937
_bCh46 1993
100 _aChrisp, Peter
245 _aThe Romans /
_cPeter Chrisp.
260 _aLondon :
_bTwo Can,
_c1993.
300 _a32 p. ;
_c27 p. ;
650 _aRoman
_xFacts
_915622
942 _2lcc
999 _c9959
_d9959